Statistics for Every State by Superlative

Click here to take the quiz!

General Stats

  • This quiz has been taken 65 times
  • The average score is 38 of 50

Answer Stats

What state has the...Answer% Correct
Most mountains over 14,000 feetColorado
97%
Highest potato productionIdaho
94%
Lowest populationWyoming
94%
Largest Hispanic population by percentageNew Mexico
92%
Smallest areaRhode Island
92%
Most Mormons per capitaUtah
92%
Highest population densityNew Jersey
89%
Most cheese producedWisconsin
89%
Highest maximum elevationAlaska
86%
Most National ParksCalifornia
86%
Highest poverty rateMississippi
86%
Busiest airportGeorgia
83%
Most natural disaster related deaths since 2000Louisiana
83%
Longest one-word state nameMassachusetts
83%
Northernmost point in the continental USMinnesota
83%
First airplane flightNorth Carolina
83%
Most bigfoot sightingsWashington
83%
Highest cost of livingHawaii
81%
Most MennonitesPennsylvania
81%
Most miles of Interstate highwayTexas
81%
Most presidential birthplacesVirginia
81%
Largest state capital by populationArizona
78%
Most Canadian Provinces borderedMontana
78%
Highest wheat productionKansas
75%
Most miles of the Oregon TrailNebraska
75%
Least populous state capitalVermont
75%
Most diamond mines(only one!)Arkansas
72%
Highest per capita personal incomeConnecticut
72%
Longest cave systemKentucky
72%
Highest coast to area ratio according to the NOAAMaryland
72%
Most lighthousesMichigan
72%
Most populous SpringfieldMissouri
72%
Most native speakers of GullahSouth Carolina
72%
Lowest median incomeWest Virginia
72%
Highest steel productionIndiana
69%
Least countiesDelaware
67%
Most ski resortsNew York
67%
Deepest lakeOregon
67%
Most miles of toll roadsFlorida
64%
Oldest median ageMaine
64%
Highest percentage population growth since 2000Nevada
64%
Fastest recorded wind speedNew Hampshire
64%
Least forest cover by percentageNorth Dakota
64%
Most cavesTennessee
64%
Most nuclear energy generationIllinois
58%
Most tornados per square mileIowa
58%
Most freshwater fish speciesAlabama
56%
Most McDonalds per capitaOhio
53%
Most recent state capital changeOklahoma
53%
Most evenly divided by time zonesSouth Dakota
53%

Score Distribution

Percentile by Number Answered

Percent of People with Each Score

Your Score History

You have not taken this quiz